000 00808nam a2200205 i 4500
001 98763
003 ES-MaACL
005 20250724015103.0
007 t|
008 051024s1766 sp ||||1| spa d
080 _a61(035.3)"17"
100 1 _aEllerker, Rafael.
_947023
245 1 0 _aColección de los mas preciosos adelantamientos de la medicina en estos últimos tiempos
_b: dividida en fragmentos.
_n, . Fragmento II /
_cpor Raphael Ellerker ... y Manuel Fernández Barea.
260 _aEn Málaga :
_ben la Oficina de Francisco Martínez de Aguilar,
_c1766.
300 _a113 p. ;
_c20 cm.
650 1 4 _aMedicina-
_vObras anteriores a 1800
_914912
700 1 _aFernández Barea, Manuel.
_949501
852 _aES-MaACL
_jR-3431(8)
999 _c98763
_d98763